LEADER 01045nam 2200361 450 001 9910137700903321 005 20221012212258.0 010 $a953-51-4378-6 035 $a(CKB)3230000000076897 035 $a(NjHacI)993230000000076897 035 $a(EXLCZ)993230000000076897 100 $a20221012d2012 uy 0 101 0 $aeng 135 $aur||||||||||| 181 $ctxt$2rdacontent 182 $cc$2rdamedia 183 $acr$2rdacarrier 200 00$aSalmonella $eA Dangerous Foodborne Pathogen /$fedited by Barakat S. M. Mahmoud 210 1$a[Place of publication not identified] :$cIntechOpen,$d2012. 215 $a1 online resource (452 pages) 311 $a953-307-782-4 320 $aIncludes bibliographical references and index. 517 $aSalmonella 606 $aSalmonella 615 0$aSalmonella. 676 $a614.51 702 $aMahmoud$b Barakat S. M. 801 0$bNjHacI 801 1$bNjHacl 906 $aBOOK 912 $a9910137700903321 996 $aSalmonella$91015093 997 $aUNINA LEADER 00982nam a2200277 i 4500 001 991000823079707536 005 20020506124816.0 008 951017s1985 us ||| | eng 035 $ab10134554-39ule_inst 035 $aLE00637435$9ExL 040 $aDip.to Fisica$bita 084 $a52.9.51 084 $a52.9.55 084 $a523.03 084 $aQB858.3 100 1 $aMiller, John R.$014660 245 10$aAstrophysics of active galaxies and quasi-stellar objects /$cedited by J. Miller 260 $aMill Valley :$bUniversity Science Books,$c1985 300 $a519 p. :$bill. ;$c24 cm. 650 4$aAstrophysics 907 $a.b10134554$b21-09-06$c27-06-02 912 $a991000823079707536 945 $aLE006 52.9.53+52.9.55 MIL$g1$i2006000028868$lle006$o-$pE0.00$q-$rl$s- $t0$u0$v0$w0$x0$y.i10158492$z27-06-02 996 $aAstrophysics of active galaxies and quasi-stellar objects$9185425 997 $aUNISALENTO 998 $ale006$b01-01-95$cm$da $e-$feng$gus $h0$i1